[Event "WSCC 50 Open 2017"]
[Site "?"]
[Date "2017.11.17"]
[Round "10"]
[White "Kalegin, Evgenij"]
[Black "Biro, Sandor"]
[Result "1-0"]
[WhiteElo "2426"]
[BlackElo "2168"]
[Annotator "TA"]
[PlyCount "53"]
[EventDate "2017.??.??"]
[EventType "swiss"]
[EventCountry "ITA"]
[SourceTitle "Acqui Terme"]

{[%evp 20,53,50,25,70,63,70,64,78,82,116,120,208,193,175,192,319,316,533,511,527,517,564,518,506,497,563,557,550,545,568,538,612,610,682,684]} 1. e4 Nc6 2. Nf3 e6 3. d4 d5 4. Nbd2 {[%cal Bb1d2,Bd2f1,Bf1e3,Be3d5][%mdl 32]} Nf6 5. e5 Nd7 6. Be2 f6 7. exf6 Qxf6 8. Nf1 Bd6 9. Ne3 O-O 10. O-O Qg6 11. g3 {LiveBook: 25 Games. C04: French Tarrasch: 3...Nc6} (11. c4 Nf6 12. Re1 Bd7 13. Qb3 a5 14. c5 Bf4 15. g3 Ne4 16. Ng2 Bxc1 17. Raxc1 Qf6 18. Rcd1 g5 {0-1 (27) Druska,J (2457)-Vovk,Y (2596) Slovakia 2016}) 11... e5 12. Nxd5 exd4 13. Nxd4 {Black must now prevent Bd3.White is slightly better.} Nxd4 $146 ({Predecessor:} 13... Nde5 14. Nf4 Qf7 15. Be3 Nc4 16. Bf3 Nxe3 17. fxe3 Qe8 18. Qd3 Ne5 {1-0 (51) Gerigk,E (2364)-Schmitz,T (2342) Germany 2012}) 14. Qxd4 Nc5 15. Bf4 Qxc2 {[#]} (15... Bf5 $16 16. Nxc7 Bxc7) 16. Bc4 $1 $18 Kh8 {Black wants to play ...Ne6.} 17. Nxc7 Bxf4 (17... Bxc7 $142 18. Qxc5 (18. Bxc7 Ne6 $16) 18... Rxf4 19. gxf4 (19. Qxc7 Rf8 $14) 19... Bh3) 18. Qxc5 {[%cal Rc5f8]} Bh3 $2 (18... Rf5 {was worth a try.} 19. Qe7 Qxc4) 19. Nxa8 {White is clearly winning.} ({But not} 19. gxf4 $2 Rxf4 20. Qh5 (20. Qd5 $2 Rg4+ 21. Kh1 Qxc4 $19) 20... Bxf1 $19) 19... Rxa8 20. gxf4 h6 {[#] Hoping for ...Qg6+.} 21. Qh5 Bxf1 22. Bxf1 ({Inferior is} 22. Rxf1 Qxc4 23. Qf3 Qc7 $11) 22... Rf8 23. Qe5 Qg6+ 24. Bg2 Re8 25. Qc3 Qf5 26. Re1 Rc8 27. Bh3 1-0

[Event "WSCC 50 Open 2017"]
[Site "?"]
[Date "2017.11.17"]
[Round "10"]
[White "Jansa, Vlastimil"]
[Black "Sveshnikov, Evgeny"]
[Result "0-1"]
[WhiteElo "2425"]
[BlackElo "2480"]
[Annotator "TA"]
[PlyCount "74"]
[EventDate "2017.??.??"]
[EventType "swiss"]
[EventCountry "ITA"]
[SourceTitle "Acqui Terme"]

{[%evp 9,74,-5,7,-9,-7,-16,6,0,18,15,18,22,16,14,23,29,29,29,29,27,27,21,23,0,0,0,0,0,0,0,14,-5,-4,-4,-4,-4,-4,-4,-4,-4,-4,-8,0,0,31,0,0,-43,0,-43,-52,-18,10,-106,-107,-808,-760,-885,-824,-1770,-1577,-6120,-6004,-5231,-5185,-3085,-2757]} 1. e4 c5 2. b3 Nc6 3. Bb2 d6 4. Bb5 e5 (4... Nf6 5. Bxc6+ bxc6 6. d3 g6 7. e5 dxe5 8. Bxe5 Qd5 9. Nf3 Bg4 10. Nbd2 Bh6 11. Nc4 O-O 12. O-O Nh5 {1-0 (69) Gelashvili,T (2563)-Belous,V (2587) Saint Louis 2017}) 5. Nc3 Nge7 6. Nge2 {B20: Sicilian: Unusual White 2nd moves} g6 7. Nd5 {[%cal Rd5f6]} Bg7 (7... Nxd5 {seems wilder.} 8. exd5 a6 9. Bd3 Na5 10. c4 Bg7) 8. Nxe7 $146 {The position is equal.} ({Predecessor:} 8. O-O O-O 9. Nec3 a6 10. Nxe7+ Nxe7 11. Be2 f5 {0-1 (49) Evans,P (2056)-Roman,F (2319) Mar del Plata 2006}) 8... Qxe7 9. Bxc6+ bxc6 10. O-O O-O 11. d3 f5 12. exf5 $1 Bxf5 13. Qd2 g5 14. Rae1 Bg6 15. Qa5 g4 16. Qa4 Qd7 17. Bc1 Rf7 18. Ng3 d5 19. Re2 h5 20. Bg5 Qb7 21. Rfe1 Raf8 22. Qa3 Qb4 23. Qc1 Kh7 24. a3 $132 {[%mdl 2048] White is not keeping still} Qb8 25. Nf1 a5 26. a4 Re8 27. Bh4 Qb4 28. Bg3 {[%cal Rg3e5]} Rfe7 29. Nd2 Bf6 {[%cal Bg7f6,Bf6g5,Bg5f4][%mdl 32] Hoping for ...h4.} 30. f3 $1 Bg5 {...h4 is the strong threat.} 31. c3 {[#]} (31. fxg4 $11 hxg4 32. Rf1) 31... Qb6 $1 $17 32. Bxe5 $2 {[%mdl 8192]} (32. Qd1 $17) 32... Bxd3 $19 {Black is clearly winning.} 33. f4 {[#]} Bxf4 $1 {[%mdl 512]} 34. Rf1 (34. Bxf4 Rxe2) 34... Rxe5 35. Rxe5 c4+ 36. Kh1 Rxe5 37. Rxf4 Qe3 {Precision: White = 52%, Black = 78%.} 0-1

[Event "WSCC 50 Open 2017"]
[Site "?"]
[Date "2017.11.17"]
[Round "10"]
[White "Vasiukov, Evgeni"]
[Black "Shevelev, Arkady"]
[Result "1/2-1/2"]
[WhiteElo "2404"]
[BlackElo "2280"]
[PlyCount "52"]
[EventDate "2017.??.??"]
[EventType "swiss"]
[EventCountry "ITA"]
[SourceTitle "Acqui Terme"]
[TimeControl "40/5400+30:1800+30"]
[WhiteClock "0:54:58"]
[BlackClock "0:29:09"]

1. e4 {[%emt 0:01:36]} c5 {[%emt 0:00:14]} 2. Nf3 {[%emt 0:01:26]} e6 {[%emt 0:00:25]} 3. Nc3 {[%emt 0:00:21]} Nc6 {[%emt 0:01:44]} 4. Bb5 {[%emt 0:00:41]} Nd4 {[%emt 0:00:26]} 5. O-O {[%emt 0:01:27]} a6 {[%emt 0:00:24]} 6. Bd3 {[%emt 0:00:10]} Nc6 {[%emt 0:03:01]} 7. Re1 {[%emt 0:02:19]} d6 {[%emt 0:00:37]} 8. Bf1 {[%emt 0:00:25]} Nf6 {[%emt 0:02:23]} 9. d4 {[%emt 0:00:42]} cxd4 {[%emt 0:00:29]} 10. Nxd4 {[%emt 0:00:02]} Qc7 {[%emt 0:01:59]} 11. a4 {[%emt 0:06:47]} Be7 {[%emt 0:00:28]} 12. Nb3 {[%emt 0:00:11]} b6 {[%emt 0:03:41]} 13. Qf3 {[%emt 0:00:33]} O-O {[%emt 0:06:20]} 14. Qg3 {[%emt 0:00:05]} Re8 {[%emt 0:01:29]} 15. f4 {[%emt 0:02:21]} Nb4 {[%emt 0:12:53]} 16. Bd3 {[%emt 0:01:45]} e5 {[%emt 0:11:34]} 17. f5 {[%emt 0:00:16]} d5 {[%emt 0:00:44]} 18. Bh6 {[%emt 0:00:47]} g6 {[%emt 0:03:27]} 19. Nxd5 {[%emt 0:07:11]} Nfxd5 {[%emt 0:01:01]} 20. exd5 {[%emt 0:00:02]} Nxd3 {[%emt 0:00:35]} 21. fxg6 {[%emt 0:00:03]} hxg6 {[%emt 0:03:37]} 22. cxd3 {[%emt 0:00:06]} Bb7 {[%emt 0:03:38]} 23. Rac1 {[%emt 0:10:54]} Qd7 {[%emt 0:06:41]} 24. Nd2 {[%emt 0:04:09]} Bxd5 {[%emt 0:03:23]} 25. Nc4 {[%emt 0:00:06]} Bc5+ {[%emt 0:02:38]} 26. Be3 {[%emt 0:03:37]} Bxc4 1/2-1/2

[Event "WSCC 50 Open 2017"]
[Site "?"]
[Date "2017.11.17"]
[Round "10"]
[White "Lisenko, Alexander V"]
[Black "Beltz, Robert"]
[Result "*"]
[WhiteElo "2372"]
[BlackElo "2158"]
[PlyCount "80"]
[EventDate "2017.??.??"]
[EventType "swiss"]
[EventCountry "ITA"]
[SourceTitle "Acqui Terme"]
[TimeControl "40/5400+30:1800+30"]
[WhiteClock "0:06:47"]
[BlackClock "0:01:38"]

1. g3 {[%emt 0:00:00]} e5 {[%emt 0:00:12]} 2. c4 {[%emt 0:00:00]} d6 {[%emt 0:00:06]} 3. Bg2 {[%emt 0:00:37]} f5 {[%emt 0:00:14]} 4. Nc3 {[%emt 0:00:33]} Nf6 {[%emt 0:00:08]} 5. e3 {[%emt 0:00:12]} Be7 {[%emt 0:00:22]} 6. Nge2 {[%emt 0:00:07]} O-O {[%emt 0:02:48]} 7. O-O {[%emt 0:00:09]} c6 {[%emt 0:00:30]} 8. d3 {[%emt 0:22:06]} Be6 {[%emt 0:02:11]} 9. f4 {[%emt 0:00:19]} Nbd7 {[%emt 0:01:32]} 10. b3 {[%emt 0:00:25]} Qb6 {[%emt 0:09:35]} 11. Qd2 {[%emt 0:09:01]} Rae8 {[%emt 0:02:45]} 12. Bb2 {[%emt 0:05:10]} Ng4 {[%emt 0:10:17]} 13. Nd1 {[%emt 0:02:26]} Bf6 {[%emt 0:01:25]} 14. d4 {[%emt 0:13:25]} exf4 {[%emt 0:03:34]} 15. exf4 {[%emt 0:08:04]} Bf7 {[%emt 0:01:10]} 16. h3 {[%emt 0:01:23]} Nh6 {[%emt 0:02:01]} 17. Bf3 {[%emt 0:07:39]} g6 {[%emt 0:19:13]} 18. Kg2 {[%emt 0:05:45]} Bg7 {[%emt 0:02:00]} 19. Nf2 {[%emt 0:00:46]} Nf6 {[%emt 0:02:43]} 20. Nc3 {[%emt 0:02:31]} d5 {[%emt 0:08:27]} 21. Ba3 {[%emt 0:04:44]} Ne4 {[%emt 0:00:08]} 22. Bxe4 {[%emt 0:00:16]} fxe4 {[%emt 0:02:06]} 23. Bxf8 {[%emt 0:01:47]} Rxf8 {[%emt 0:00:18]} 24. c5 {[%emt 0:00:16]} Qb4 {[%emt 0:08:25]} 25. Ncxe4 {[%emt 0:00:34]} Qxd4 {[%emt 0:00:08]} 26. Qxd4 {[%emt 0:03:43]} Bxd4 {[%emt 0:00:05]} 27. Nd6 {[%emt 0:01:50]} Bxa1 {[%emt 0:03:16]} 28. Rxa1 {[%emt 0:00:06]} b6 {[%emt 0:01:20]} 29. Rc1 {[%emt 0:00:18]} b5 {[%emt 0:01:55]} 30. Nd3 {[%emt 0:01:13]} d4 {[%emt 0:02:21]} 31. Nb4 {[%emt 0:02:39]} Nf5 {[%emt 0:05:04]} 32. Nxf5 {[%emt 0:00:06]} gxf5 {[%emt 0:00:06]} 33. Kf2 {[%emt 0:00:05]} Rc8 {[%emt 0:07:49]} 34. Rd1 {[%emt 0:00:25]} a5 {[%emt 0:00:07]} 35. Nc2 {[%emt 0:00:05]} a4 {[%emt 0:01:04]} 36. Nxd4 {[%emt 0:00:12]} Rd8 {[%emt 0:00:47]} 37. Rd2 {[%emt 0:00:29]} a3 {[%emt 0:01:02]} 38. Ke1 {[%emt 0:01:18]} Re8+ {[%emt 0:01:27]} 39. Re2 {[%emt 0:02:21]} Rxe2+ {[%emt 0:00:05]} 40. Kxe2 {[%emt 0:00:08]} Bd5 {[%emt 0:30:06]} *

[Event "WSCC 50 Open 2017"]
[Site "?"]
[Date "2017.11.17"]
[Round "10"]
[White "Reprintsev, Alexander"]
[Black "Granda Zuniga, Julio E"]
[Result "0-1"]
[WhiteElo "2361"]
[BlackElo "2650"]
[Annotator "TA"]
[PlyCount "74"]
[EventDate "2017.??.??"]
[EventType "swiss"]
[EventCountry "ITA"]
[SourceTitle "Acqui Terme"]

{[%evp 9,74,6,2,-9,1,-12,18,19,21,21,20,14,14,15,23,24,28,25,22,27,23,18,25,0,0,0,3,0,0,0,0,-3,0,0,0,0,0,0,0,0,0,0,0,0,17,0,0,-45,0,-56,-9,-11,0,-121,-111,-766,-741,-852,-811,-1596,-1610,-2977,-2987,-2897,-2808,-2658,-2552]} 1. e4 c5 2. b3 Nc6 3. Bb2 d6 4. Bb5 e5 (4... Nf6 5. Bxc6+ bxc6 6. d3 g6 7. e5 dxe5 8. Bxe5 Qd5 9. Nf3 Bg4 10. Nbd2 Bh6 11. Nc4 O-O 12. O-O Nh5 {1-0 (69) Gelashvili,T (2563)-Belous,V (2587) Saint Louis 2017}) 5. Nc3 Nge7 6. Nge2 {B20: Sicilian: Unusual White 2nd moves} g6 7. Nd5 {[%cal Rd5f6]} Bg7 (7... Nxd5 {is interesting.} 8. exd5 a6 9. Bd3 Ne7 10. c4 Bg7) 8. Nxe7 $146 {The position is equal.} ({Predecessor:} 8. O-O O-O 9. Nec3 a6 10. Nxe7+ Nxe7 11. Be2 f5 {0-1 (49) Evans,P (2056)-Roman,F (2319) Mar del Plata 2006}) 8... Qxe7 9. Bxc6+ bxc6 10. O-O O-O 11. d3 f5 12. exf5 $1 Bxf5 13. Qd2 g5 14. Rae1 Bg6 15. Qa5 g4 16. Qa4 Qd7 17. Bc1 Rf7 18. Ng3 d5 19. Re2 h5 {Threatening ...h4.} 20. Bg5 Qb7 21. Rfe1 Raf8 22. Qa3 Qb4 23. Qc1 Kh7 24. a3 Qb8 25. Nf1 a5 26. a4 Re8 27. Bh4 Qb4 28. Bg3 {[%cal Rg3e5]} Rfe7 {Strongly threatening ...Bf6.} 29. Nd2 (29. Bh4 $11) 29... Bf6 $36 {[%cal Bg7f6,Bf6g5,Bg5f4][%mdl 2080] aiming for ...h4. White is under pressure.} 30. f3 $1 Bg5 {And now ...h4 would win.} 31. c3 {[#]} (31. fxg4 $11 hxg4 32. Rf1) 31... Qb6 $1 $17 32. Bxe5 $2 {[%mdl 8192]} (32. Kh1 $17) 32... Bxd3 $19 {Black is clearly winning.} 33. f4 {[#]} Bxf4 $1 {[%mdl 512]} 34. Rf1 (34. Bxf4 Rxe2) 34... Rxe5 35. Rxe5 c4+ 36. Kh1 Rxe5 37. Rxf4 Qe3 {Precision: White = 51%, Black = 78%.} 0-1

[Event "WSCC 50 Open 2017"]
[Site "?"]
[Date "2017.11.17"]
[Round "10"]
[White "Brendel, Oliver"]
[Black "Sturua, Zurab"]
[Result "0-1"]
[WhiteElo "2334"]
[BlackElo "2536"]
[Annotator "TA"]
[PlyCount "46"]
[EventDate "2017.??.??"]
[EventType "swiss"]
[EventCountry "ITA"]
[SourceTitle "Acqui Terme"]

{[%evp 20,46,8,6,60,58,57,60,61,56,55,50,41,37,43,22,20,19,20,0,11,0,76,8,9,-65,-66,-891,-865]} 1. c4 g6 2. g3 Bg7 3. Bg2 d6 4. Nc3 e5 5. e4 Nc6 6. d3 f5 7. Nge2 Nf6 8. Nd5 O-O 9. Bg5 Be6 10. O-O Qd7 {A26: English Opening vs King's Indian with ...Nc6 and d3} 11. Rc1 {LiveBook: 18 Games} Rf7 ({Black should play} 11... fxe4 $11 12. dxe4 b6) 12. Nxf6+ $14 Bxf6 {White is slightly better.} 13. Bxf6 Rxf6 14. d4 exd4 {[#]} 15. exf5 $146 ({Predecessor:} 15. Nxd4 fxe4 16. Bxe4 Bh3 17. Re1 Raf8 18. f4 {1-0 (79) Howell,D (2670)-Sanders,I (2305) England 2015}) 15... Bxf5 16. Nxd4 Bg4 17. f3 Bh3 18. Bxh3 Qxh3 19. Nb5 Rf7 20. f4 g5 (20... Re8 $11 {remains equal.}) 21. fxg5 (21. Qd5 $16 {Threatens to win with Nxc7.} Ne7 22. Qxb7 (22. Qxg5+ Rg7 $11)) 21... Raf8 $11 22. Qd5 (22. Rxf7 $11 Rxf7 23. Nd4) 22... Ne5 $1 $15 {[%cal Re5g4][%mdl 1024] [#] ...Ng4 is the strong threat. Black has compensation.} 23. Nd4 $2 {[%mdl 8192]} (23. Qg2 $15 Qg4 24. Rxf7 Rxf7 25. Kh1) 23... Ng4 {Precision: White = 37%, Black = 44%.} 0-1

[Event "WSCC 50 Open 2017"]
[Site "?"]
[Date "2017.11.17"]
[Round "10"]
[White "Mantovani, Renzo"]
[Black "Schnelzer, Reinhold"]
[Result "*"]
[WhiteElo "2307"]
[BlackElo "2208"]
[PlyCount "170"]
[EventDate "2017.??.??"]
[EventType "swiss"]
[EventCountry "ITA"]
[SourceTitle "Acqui Terme"]
[TimeControl "40/5400+30:1800+30"]
[WhiteClock "0:02:18"]
[BlackClock "0:17:35"]

1. c4 {[%emt 0:00:00]} c5 {[%emt 0:00:43]} 2. Nc3 {[%emt 0:00:09]} Nc6 {[%emt 0:00:08]} 3. Nf3 {[%emt 0:00:49]} g6 {[%emt 0:00:46]} 4. g3 {[%emt 0:02:20]} Bg7 {[%emt 0:00:17]} 5. Bg2 {[%emt 0:00:09]} e6 {[%emt 0:01:00]} 6. d3 {[%emt 0:03:47]} Nge7 {[%emt 0:00:39]} 7. Bd2 {[%emt 0:05:36]} O-O {[%emt 0:06:00]} 8. Rb1 {[%emt 0:06:29]} h6 {[%emt 0:13:22]} 9. a3 {[%emt 0:01:47]} d6 {[%emt 0:08:57]} 10. b4 {[%emt 0:01:10]} e5 {[%emt 0:07:30]} 11. O-O {[%emt 0:00:57]} Rb8 {[%emt 0:02:14]} 12. Ne1 {[%emt 0:10:19]} b6 {[%emt 0:06:55]} 13. Nc2 {[%emt 0:03:23]} Be6 {[%emt 0:03:29]} 14. Ne3 {[%emt 0:02:18]} Qd7 {[%emt 0:02:53]} 15. Ned5 {[%emt 0:00:35]} f5 {[%emt 0:03:03]} 16. b5 {[%emt 0:11:16]} Nd8 {[%emt 0:03:17]} 17. a4 {[%emt 0:00:26]} f4 {[%emt 0:03:05]} 18. Nxe7+ {[%emt 0:07:14]} Qxe7 {[%emt 0:00:08]} 19. Nd5 {[%emt 0:00:06]} Bxd5 {[%emt 0:02:00]} 20. Bxd5+ {[%emt 0:00:16]} Kh7 {[%emt 0:01:01]} 21. e3 {[%emt 0:08:28]} fxg3 {[%emt 0:03:08]} 22. hxg3 {[%emt 0:04:11]} Ne6 {[%emt 0:04:14]} 23. Qg4 {[%emt 0:02:16]} Rf6 {[%emt 0:01:09]} 24. f4 {[%emt 0:04:27]} Rbf8 {[%emt 0:02:36]} 25. Bc3 {[%emt 0:12:49]} Nc7 {[%emt 0:00:40]} 26. Be4 {[%emt 0:00:16]} Qe6 {[%emt 0:01:03]} 27. Qh4 {[%emt 0:02:41]} R6f7 {[%emt 0:01:52]} 28. Qh1 {[%emt 0:05:25]} exf4 {[%emt 0:07:03]} 29. Bxg7 {[%emt 0:00:06]} Kxg7 {[%emt 0:00:20]} 30. gxf4 {[%emt 0:00:28]} Rd8 {[%emt 0:02:19]} 31. Qg2 {[%emt 0:00:54]} Kh7 {[%emt 0:01:42]} 32. Rf3 {[%emt 0:00:28]} d5 {[%emt 0:00:33]} 33. cxd5 {[%emt 0:00:17]} Nxd5 {[%emt 0:00:07]} 34. Rg3 {[%emt 0:00:19]} Ne7 {[%emt 0:00:22]} 35. Kh2 {[%emt 0:03:05]} Nf5 {[%emt 0:01:18]} 36. Bxf5 {[%emt 0:00:34]} Rxf5 {[%emt 0:01:16]} 37. Qe4 {[%emt 0:00:23]} Qa2+ {[%emt 0:02:43]} 38. Rg2 {[%emt 0:00:11]} Rh5+ {[%emt 0:01:30]} 39. Kg3 {[%emt 0:00:01]} Qf7 {[%emt 0:00:17]} 40. Rbg1 {[%emt 0:01:12]} Rhd5 {[%emt 0:34:22]} 41. Kf3 {[%emt 0:30:52]} R5d6 {[%emt 0:00:58]} 42. Rxg6 {[%emt 0:01:48]} Rxg6 {[%emt 0:00:00]} 43. Rxg6 {[%emt 0:00:00]} Qxg6 {[%emt 0:00:00]} 44. Qe7+ {[%emt 0:00:00]} Qg7 {[%emt 0:00:00]} 45. Qxd8 {[%emt 0:00:00]} Qf7 {[%emt 0:00:00]} 46. e4 {[%emt 0:00:00]} c4 {[%emt 0:00:00]} 47. dxc4 {[%emt 0:00:00]} Qxc4 {[%emt 0:00:00]} 48. Qd7+ {[%emt 0:00:00]} Kh8 {[%emt 0:00:00]} 49. Qe8+ {[%emt 0:00:00]} Kh7 {[%emt 0:00:00]} 50. Kg4 {[%emt 0:00:14]} Qf1 {[%emt 0:00:00]} 51. Qf7+ {[%emt 0:02:25]} Kh8 {[%emt 0:00:00]} 52. Qf6+ {[%emt 0:00:48]} Kh7 {[%emt 0:00:00]} 53. Qe7+ {[%emt 0:00:02]} Kg8 {[%emt 0:00:00]} 54. Qd8+ {[%emt 0:00:06]} Kg7 {[%emt 0:00:00]} 55. Qc7+ {[%emt 0:00:04]} Kg8 {[%emt 0:00:00]} 56. Qb8+ {[%emt 0:00:11]} Kg7 {[%emt 0:00:00]} 57. Qxa7+ {[%emt 0:00:04]} Kg8 {[%emt 0:00:00]} 58. Qb8+ {[%emt 0:01:36]} Kg7 {[%emt 0:00:00]} 59. Qc7+ {[%emt 0:00:22]} Kg8 {[%emt 0:00:00]} 60. Kf5 {[%emt 0:02:11]} Qh3+ {[%emt 0:00:00]} 61. Ke5 {[%emt 0:00:48]} Qh5+ {[%emt 0:00:00]} 62. Ke6 {[%emt 0:00:21]} Qg6+ {[%emt 0:00:00]} 63. Kd5 {[%emt 0:00:20]} h5 {[%emt 0:00:00]} 64. Qd8+ {[%emt 0:00:31]} Kf7 {[%emt 0:00:00]} 65. Qd7+ {[%emt 0:00:10]} Kf8 {[%emt 0:00:00]} 66. f5 {[%emt 0:00:34]} Qg4 {[%emt 0:00:00]} 67. Qd8+ {[%emt 0:00:35]} Kf7 {[%emt 0:00:00]} 68. Qc7+ {[%emt 0:00:04]} Kf8 {[%emt 0:00:00]} 69. Qb8+ {[%emt 0:00:38]} Kf7 {[%emt 0:00:00]} 70. Qb7+ {[%emt 0:00:02]} Kf8 {[%emt 0:00:00]} 71. Ke6 {[%emt 0:00:18]} Qg8+ {[%emt 0:00:00]} 72. Kf6 {[%emt 0:00:35]} Qh8+ {[%emt 0:00:00]} 73. Kg6 {[%emt 0:00:18]} Qg8+ {[%emt 0:00:00]} 74. Kxh5 {[%emt 0:00:15]} Qh8+ {[%emt 0:00:00]} 75. Kg5 {[%emt 0:01:18]} Qg8+ {[%emt 0:00:04]} 76. Kf4 {[%emt 0:00:57]} Qa2 {[%emt 0:01:39]} 77. Qc8+ {[%emt 0:00:13]} Kg7 {[%emt 0:00:14]} 78. Qd7+ {[%emt 0:00:10]} Kh8 {[%emt 0:00:13]} 79. Ke5 {[%emt 0:00:48]} Qh2+ {[%emt 0:01:27]} 80. Ke6 {[%emt 0:00:33]} Qh1 {[%emt 0:00:39]} 81. e5 {[%emt 0:00:33]} Qh3 {[%emt 0:00:52]} 82. Ke7 {[%emt 0:00:56]} Qh4+ {[%emt 0:00:51]} 83. f6 {[%emt 0:00:11]} Qh7+ {[%emt 0:00:41]} 84. Kd8 {[%emt 0:00:15]} Qf7 {[%emt 0:01:16]} 85. Qe8+ {[%emt 0:00:29]} Qf8 {Qd7 Qb4 Ke7} *

[Event "WSCC 50 Open 2017"]
[Site "?"]
[Date "2017.11.17"]
[Round "10"]
[White "Van Riemsdijk, Herman C"]
[Black "Torre, Eugenio"]
[Result "0-1"]
[WhiteElo "2284"]
[BlackElo "2465"]
[Annotator "TA"]
[PlyCount "46"]
[EventDate "2017.??.??"]
[EventType "swiss"]
[EventCountry "ITA"]
[SourceTitle "Acqui Terme"]

{[%evp 18,46,22,18,23,14,48,47,47,47,54,54,50,46,43,46,43,23,23,23,19,12,15,0,75,1,5,-93,-78,-822,-818]} 1. c4 g6 2. g3 Bg7 3. Bg2 d6 4. Nc3 e5 5. e4 Nc6 6. d3 f5 7. Nge2 Nf6 8. Nd5 O-O 9. Bg5 Be6 10. O-O Qd7 {A26: English Opening vs King's Indian with ...Nc6 and d3} 11. Rc1 Rf7 (11... Nh5 {seems wilder.} 12. b4 Rae8 13. exf5 Rxf5 14. Qd2 Rf7) 12. Nxf6+ Bxf6 {White is slightly better.} 13. Bxf6 Rxf6 14. d4 {[#] d5 is the strong threat.} exd4 {[#]} 15. exf5 $146 ({Predecessor:} 15. Nxd4 fxe4 16. Bxe4 Bh3 17. Re1 Raf8 18. f4 {1-0 (79) Howell,D (2670)-Sanders,I (2305) England 2015}) 15... Bxf5 16. Nxd4 Bg4 17. f3 {Threatens to win with Nxc6.} Bh3 18. Bxh3 Qxh3 19. Nb5 Rf7 20. f4 g5 (20... h5 $11) 21. fxg5 (21. Qd5 $16) 21... Raf8 $11 22. Qd5 {[#]} (22. Rxf7 $11 {keeps the balance.} Rxf7 23. Nd4) 22... Ne5 $1 $17 {[%cal Re5g4][%mdl 1024] Strongly threatening ...Ng4. Black has strong compensation.} 23. Nd4 $2 {[%mdl 8192]} (23. Rxf7 $17 Rxf7 24. Qg2) 23... Ng4 0-1

[Event "WSCC 50 Open 2017"]
[Site "?"]
[Date "2017.11.17"]
[Round "10"]
[White "Kierzek, Matthias"]
[Black "Pritchett, Craig W"]
[Result "*"]
[WhiteElo "2252"]
[BlackElo "2280"]
[PlyCount "79"]
[EventDate "2017.??.??"]
[EventType "swiss"]
[EventCountry "ITA"]
[SourceTitle "Acqui Terme"]
[TimeControl "40/5400+30:1800+30"]
[WhiteClock "0:02:23"]
[BlackClock "0:08:21"]

1. c4 {[%emt 0:00:00]} c5 {[%emt 0:00:43]} 2. Nc3 {[%emt 0:00:09]} Nc6 {[%emt 0:00:08]} 3. Nf3 {[%emt 0:00:49]} g6 {[%emt 0:00:46]} 4. g3 {[%emt 0:02:20]} Bg7 {[%emt 0:00:17]} 5. Bg2 {[%emt 0:00:09]} e6 {[%emt 0:01:00]} 6. d3 {[%emt 0:03:47]} Nge7 {[%emt 0:00:39]} 7. Bd2 {[%emt 0:05:36]} O-O {[%emt 0:06:00]} 8. Rb1 {[%emt 0:06:29]} h6 {[%emt 0:13:22]} 9. a3 {[%emt 0:01:47]} d6 {[%emt 0:08:57]} 10. b4 {[%emt 0:01:10]} e5 {[%emt 0:07:30]} 11. O-O {[%emt 0:00:57]} Rb8 {[%emt 0:02:14]} 12. Ne1 {[%emt 0:10:19]} b6 {[%emt 0:06:55]} 13. Nc2 {[%emt 0:03:23]} Be6 {[%emt 0:03:29]} 14. Ne3 {[%emt 0:02:18]} Qd7 {[%emt 0:02:53]} 15. Ned5 {[%emt 0:00:35]} f5 {[%emt 0:03:03]} 16. b5 {[%emt 0:11:16]} Nd8 {[%emt 0:03:17]} 17. a4 {[%emt 0:00:26]} f4 {[%emt 0:03:05]} 18. Nxe7+ {[%emt 0:07:14]} Qxe7 {[%emt 0:00:08]} 19. Nd5 {[%emt 0:00:06]} Bxd5 {[%emt 0:02:00]} 20. Bxd5+ {[%emt 0:00:16]} Kh7 {[%emt 0:01:01]} 21. e3 {[%emt 0:08:28]} fxg3 {[%emt 0:03:08]} 22. hxg3 {[%emt 0:04:11]} Ne6 {[%emt 0:04:14]} 23. Qg4 {[%emt 0:02:16]} Rf6 {[%emt 0:01:09]} 24. f4 {[%emt 0:04:27]} Rbf8 {[%emt 0:02:36]} 25. Bc3 {[%emt 0:12:49]} Nc7 {[%emt 0:00:40]} 26. Be4 {[%emt 0:00:16]} Qe6 {[%emt 0:01:03]} 27. Qh4 {[%emt 0:02:41]} R6f7 {[%emt 0:01:52]} 28. Qh1 {[%emt 0:05:25]} exf4 {[%emt 0:07:03]} 29. Bxg7 {[%emt 0:00:06]} Kxg7 {[%emt 0:00:20]} 30. gxf4 {[%emt 0:00:28]} Rd8 {[%emt 0:02:19]} 31. Qg2 {[%emt 0:00:54]} Kh7 {[%emt 0:01:42]} 32. Rf3 {[%emt 0:00:28]} d5 {[%emt 0:00:33]} 33. cxd5 {[%emt 0:00:17]} Nxd5 {[%emt 0:00:07]} 34. Rg3 {[%emt 0:00:19]} Ne7 {[%emt 0:00:22]} 35. Kh2 {[%emt 0:03:05]} Nf5 {[%emt 0:01:18]} 36. Bxf5 {[%emt 0:00:34]} Rxf5 {[%emt 0:01:16]} 37. Qe4 {[%emt 0:00:23]} Qa2+ {[%emt 0:02:43]} 38. Rg2 {[%emt 0:00:11]} Rh5+ {[%emt 0:01:30]} 39. Kg3 {[%emt 0:00:01]} Qf7 {[%emt 0:00:17]} 40. Rbg1 {[%emt 0:01:12]} *

[Event "WSCC 50 Open 2017"]
[Site "?"]
[Date "2017.11.17"]
[Round "10"]
[White "Malisov, Boris"]
[Black "Tarjan, James"]
[Result "1/2-1/2"]
[WhiteElo "2240"]
[BlackElo "2449"]
[Annotator "TA"]
[PlyCount "55"]
[EventDate "2017.??.??"]
[EventType "swiss"]
[EventCountry "ITA"]
[SourceTitle "Acqui Terme"]

{[%evp 27,55,36,54,0,0,-29,24,0,0,0,0,0,0,0,0,0,0,0,0,0,0,0,0,-14,0,0,11,0,9,11]} 1. c4 e5 2. g3 c5 3. Bg2 Nc6 4. Nc3 g6 5. d3 Bg7 6. Nf3 Nge7 7. O-O O-O 8. a3 d6 9. Rb1 a5 10. Bd2 h6 11. Ne1 f5 {A37: Symmetrical English vs ...g6: 4 Bg2 Bg7 5 Nf3} (11... Be6 12. Nc2 d5 13. cxd5 Nxd5 14. Ne3 Nb6 15. Ne4 Qe7 16. Qc1 Nd7 17. Nc3 Kh7 18. Ned5 Qd8 19. e3 Rc8 20. Qc2 {1-0 (57) Mchedlishvili,M (2604)-Parligras,M (2616) Heraklio 2017}) 12. Nc2 a4 13. Ne3 Nd4 14. Ned5 Nxd5 {LiveBook: 3 Games} 15. Nxd5 ({White should try} 15. Bxd5+ $14 Kh7 16. b4 (16. Nxa4 Nxe2+ 17. Qxe2 Rxa4 $11)) 15... Nb3 $11 16. Bc3 Bd7 ({Better is} 16... Be6) 17. e3 Rb8 $146 {The position is equal.} 18. f4 b5 19. Qc2 Kh8 20. cxb5 Bxb5 21. Rf2 Qd7 22. Re1 Rbe8 23. Nb6 Qc7 24. Nc4 Bc6 25. Rff1 Bxg2 26. Qxg2 e4 27. Qc2 Re6 28. Rd1 {Precision: White = 51%, Black = 59%.} 1/2-1/2